Hospodársky mechanizmus priemyslu praktikum hospodárskeho mechanizmu priemyslu

Enregistré dans:
Détails bibliographiques
Auteur principal: Švantner, Miloš
Collectivité auteur: Vysoká škola ekonomická v Bratislave. Fakulta ekonomiky a riadenia výrobných odvetví
Autres auteurs: Majtán, Štefan, Selecký, Ivan
Format: Livre
Langue:slovaque
Publié: Bratislava VŠE 1983
Tags: Ajouter un tag
Pas de tags, Soyez le premier à ajouter un tag!

MARC

LEADER 00000nam a2200000 4500
001 c133888
005 20230116104605.4
041 0 |a slo 
044 |a SK 
245 1 0 |a Hospodársky mechanizmus priemyslu  |b praktikum hospodárskeho mechanizmu priemyslu  |c Miloš Švantner, Štefan Majtán, Ivan Selecký 
264 1 |a Bratislava  |b VŠE  |c 1983 
300 |a 96 s. 
100 1 |a Švantner, Miloš 
700 1 |a Majtán, Štefan 
700 1 |a Selecký, Ivan 
710 2 |a Vysoká škola ekonomická v Bratislave. Fakulta ekonomiky a riadenia výrobných odvetví